Hacker disassembling uncovered(E-BOOK) (Record no. 192622)
[ view plain ]
| 000 -LEADER | |
|---|---|
| fixed length control field | 00497 a2200181 4500 |
| 003 - CONTROL NUMBER IDENTIFIER | |
| control field | Nust |
| 005 - DATE AND TIME OF LATEST TRANSACTION | |
| control field | 20170207154041.0 |
| 020 ## - INTERNATIONAL STANDARD BOOK NUMBER | |
| International Standard Book Number | 1-931769-22-2 |
| 040 ## - CATALOGING SOURCE | |
| Transcribing agency | Nust |
| 082 ## - DEWEY DECIMAL CLASSIFICATION NUMBER | |
| Classification number | 005.8 |
| 100 1# - MAIN ENTRY--PERSONAL NAME | |
| Personal name | Kaspersky, Kris |
| 245 00 - TITLE STATEMENT | |
| Title | Hacker disassembling uncovered(E-BOOK) |
| Remainder of title | [powerful techniques to safeguard your programming] / |
| Statement of responsibility, etc. | Kris Kaspersky |
| 260 ## - PUBLICATION, DISTRIBUTION, ETC. | |
| Place of publication, distribution, etc. | Wayne, Pa. : |
| Name of publisher, distributor, etc. | Alist, |
| Date of publication, distribution, etc. | cop. 2003 |
| 300 ## - PHYSICAL DESCRIPTION | |
| Extent | vii, 584 s. : |
| Other physical details | ill. |
| 650 #7 - SUBJECT ADDED ENTRY--TOPICAL TERM | |
| Topical term or geographic name entry element | Computer security |
| 650 #7 - SUBJECT ADDED ENTRY--TOPICAL TERM | |
| Topical term or geographic name entry element | IT-s䫥rhet |
| 651 ## - SUBJECT ADDED ENTRY--GEOGRAPHIC NAME | |
| Geographic name | E-BOOK |
| 942 ## - ADDED ENTRY ELEMENTS (KOHA) | |
| Source of classification or shelving scheme | |
| Koha item type | Book |
| Withdrawn status | Lost status | Source of classification or shelving scheme | Damaged status | Not for loan | Collection code | Permanent Location | Current Location | Date acquired | Total Checkouts | Full call number | Barcode | Date last seen | Price effective from | Koha item type |
|---|---|---|---|---|---|---|---|---|---|---|---|---|---|---|
| Military College of Signals (MCS) | Military College of Signals (MCS) | 12/12/2016 | 005.8 KAS | MCSEB-2181 | 12/08/2016 | 12/12/2016 | Book |
